| 000 | 00485nam a2200169 4500 | ||
|---|---|---|---|
| 001 | 109757 | ||
| 003 | ES-MaACL | ||
| 005 | 20230906184915.0 | ||
| 007 | t| | ||
| 008 | 061121s1957 sp r ||||1| spa d | ||
| 100 | 1 |
_aMuñiz García-Robés, Gabino. _984275 |
|
| 245 | 1 | 0 |
_aDe mi cuaderno de apuntes _b: (Verso y prosa) / _cManin de la Llosa (seud). |
| 250 | _a1ª.ed. | ||
| 260 |
_a[s.l.] : _b[s.n.], _c1957. |
||
| 300 |
_a263 p. ; _c17 cm. |
||
| 852 |
_aES-MaACL _jC-14311 _bR.42182 |
||
| 999 |
_c109757 _d109757 |
||